Algebra moderna

Gespeichert in:
Bibliographische Detailangaben
Hauptverfasser: Birkhoff, Garrett (VerfasserIn), MacLane, Saunders (VerfasserIn)
Format: Buch
Sprache:Spanisch
Veröffentlicht: Barcelona Vicens-Vives 1954
Ausgabe:1a. ed
Schlagworte:
Tags: Tag hinzufügen
Keine Tags, Fügen Sie den ersten Tag hinzu!

MARC

LEADER 00000nam a2200000 a 4500
001 UCQ8368
003 CL-VaPUC
008 981209e19540000SP |||||||||||||||||spa|d
082 0 4 |a 512.02  |b BIR  |2 21 
100 0 |a Birkhoff, Garrett  |e author  |9 422331 
700 0 |a MacLane, Saunders  |e author  |9 422332 
245 1 0 |a Algebra moderna 
250 |a 1a. ed 
300 |a 503 p 
942 |c BK 
945 |d 19981209 00:00:00  |a crobeson 
260 |a Barcelona  |b Vicens-Vives  |c 1954 
650 0 |a Álgebra  |9 259567 
650 0 |a Polinomios  |9 270626 
650 0 |a Teoría de anillos   |9 342207 
650 0 |a Vectores  |x Matemáticas   |9 269973 
650 0 |a Álgebra vectorial   |9 269971 
650 0 |a Álgebra lineal   |9 260445 
650 0 |a Álgebra booleana  |9 270639 
650 7 |a TEORIA DE ECUACIONES  |2 CL-VaPUC  |9 270318 
583 |a last modification  |c 19981209 00:00:00  |k Rodrigo Vera 
999 |c 277653  |d 277651 
952 |0 0  |1 0  |4 0  |6 512_020000000000000_BIR_1954  |7 0  |8 A  |9 315705  |a BIBMAT  |b BIBMAT  |d 2019-11-20  |i 1301799  |o 512.02 BIR 1954  |p 1301799  |r 2025-01-07  |w 2019-11-20  |y BK  |k MAT 
952 |0 0  |1 0  |4 0  |6 512_020000000000000_BIR_1954  |7 0  |8 P  |9 315708  |a BIBARQ  |b BIBARQ  |d 2019-11-20  |i 2641259  |o 512.02 BIR 1954  |p 2641259  |r 2025-01-20  |w 2019-11-20  |y BK  |k ARQ